Score 0/23 Timer 04:00
0 Plays Today
Clue 6-Letter Word % Correct
Tubes for sipping soda throughSTRAWS
96.8%
Household tasksCHORES
94.8%
Leg-baring summer sportswearSHORTS
93.3%
On some dresses they go over shouldersSTRAPS
93.2%
StranglesCHOKES
92.6%
CoastlinesSHORES
92.5%
YellsSHOUTS
90.6%
Ice cream unitsSCOOPS
87.7%
Prepared food on the stoveCOOKED
87.6%
Makes room for another on a benchSCOOTS
85.8%
Failed under pressureCHOKED
85%
Made reservationsBOOKED
83.3%
Clue 6-Letter Word % Correct
Locked a door securelyBOLTED
81.9%
Encircled, like leather around a waistBELTED
81.8%
Advance reconnaissance unitsSCOUTS
81.8%
Scatters about, like flower petalsSTREWS
79.4%
KickedBOOTED
79.3%
Bends forward to get lowerSTOOPS
78.8%
What you might feel when
faced with a difficult challenge
!! - STRESS - !!
77.5%
Razor sharpenersSTROPS
75.8%
What you might feel when
the difficult challenge is completed
* - RELIEF - *
71%
Firmly held opinion, possibly religiousBELIEF
69.7%
Contradicted, misrepresentedBELIED
64.3%

Today's Daily Dose

Missing Word
'T' Pairs

Word Ladder
Game Pieces

Get the Picture
Baseball Movies

Remove Ads.
Support Sporcle.
Get the best of Sporcle when you Go Orange. This ad-free experience offers more features, more stats, and more fun while also helping to support Sporcle. Thank you for becoming a member.

You're not logged in!

Compare scores with friends on all Sporcle quizzes.
OR
Log In

Show Comments

Extras

Top Quizzes Today


Score Distribution

Your Account Isn't Verified!

In order to create a playlist on Sporcle, you need to verify the email address you used during registration. Go to your Sporcle Settings to finish the process.

Report this User

Report this user for behavior that violates our Community Guidelines.

Details: